000 00731nam a2200229Ia 4500
999 _c50448
_d50448
001 17394
003 GE_BSU
005 20200217115902.0
008 181216s2004||||enk|||||||||||||| ||eng||
040 _cGE_BSU
041 _aeng
080 _a517 E-36
100 _aEidelman,Yuli
_97098
245 _aFunctional Analysis. An introduction:
_bGraduate Studies in mathematics/
_cYuli Eidelman, Vitali Milman, Antonis Tsolomitis.
264 _c2004.
300 _a324 p.
_b30 cm.
653 _aფუნქციური ანალიზი
653 _aმათემატიკა
700 _a Milman, Vitali
_eავტორი
_97099
700 _aTsolomitis, Antonis
_eავტორი
_97100
942 _cBK
_2udc